00619nam a2200193Ia 4500008004100000020001400041082001600055100001600071245005200087250000700139260003400146300003000180500000700210600002100217650005000238942000700288952011500295999001500410240925s9999 xx 000 0 und d a684854643 a004.092 GAT aGates, Bill 0aBill Gates Personal Super Secret Private Laptop aNA aCalifornia:bAutodeskc,1994. axxix,1025p.bNAfOriginal aNA aComputer Science aComputer science, information & general works cBK 001040708CSaUITUbUITUd2003-04-07eNAg395.00l0o004.092 GATpQ5085r2024-09-25 07:13:44w2024-09-25yBK c7584d7584